IFM Opac

The city in Comparative Perspective: cross National Reseach and new Directions in Theory (Record no. 12946)

MARC details
000 -LEADER
fixed length control field 00399nam a22001337a 4500
020 ## - INTERNATIONAL STANDARD BOOK NUMBER
International Standard Book Number 0470363053
082 ## - DEWEY DECIMAL CLASSIFICATION NUMBER
Classification number 301.363 CIT
245 ## - TITLE STATEMENT
Title The city in Comparative Perspective: cross National Reseach and new Directions in Theory
260 ## - PUBLICATION, DISTRIBUTION, ETC.
Place of publication, distribution, etc. New York
Name of publisher, distributor, etc. John & Sons
Date of publication, distribution, etc. 1976
300 ## - PHYSICAL DESCRIPTION
Extent 317p.
Other physical details ill,; 23cm.
500 ## - GENERAL NOTE
General note Include reference
700 ## - ADDED ENTRY--PERSONAL NAME
Personal name WALTON, john and MASSOTTI, Louis H.
942 ## - ADDED ENTRY ELEMENTS (KOHA)
Koha item type Books
Holdings
Withdrawn status Lost status Damaged status Not for loan Home library Current library Shelving location Date acquired Total Checkouts Full call number Barcode Date last seen Price effective from Koha item type
Withdrawn       IFM Main Campus Library IFM Main Campus Library Archival Collection 10/23/2015   301.363 CIT 0000015287 10/23/2015 02/19/2022 Books